000 00523nmm a2200193Ia 4500
008 251105s9999||||xx |||||||||||||||||und||
020 _a9788498954043
041 _aspa
100 _aSobejano, Gonzalo
245 0 _aTrascender
264 _a[Madrid, España] :
_bVisor Libros,
_c2020
300 _a204 páginas
490 _aVisor de Poesía
650 _aSpanish literature
700 _aSobejano, Gonzalo
700 1 _a Glickman, Nora
856 _uhttps://public.digitaliapublishing.com/a/102107
942 _cCF
999 _c71553
_d71553